Normal view
MARC view
- Hay, Nelson E
Entry Personal Name
001 - CONTROL NUMBER
- control field: 6385
003 - CONTROL NUMBER IDENTIFIER
- control field: OSt
005 - DATE AND TIME OF LATEST TRANSACTION
- control field: 20241101144144.0
008 - FIXED-LENGTH DATA ELEMENTS
- fixed length control field: 241101|| aca||aabn | a|a d
040 ## - CATALOGING SOURCE
- Original cataloging agency: OSt
- Transcribing agency: OSt
100 ## - HEADING--PERSONAL NAME
- Personal name: Hay, Nelson E
670 ## - SOURCE DATA FOUND
- Source citation: Work cat.: (OSt)9845: Hay, Nelson E ., Guide to new natural gas utilization technologies / , 1984.
